Images par lettre - T - Statistiques

Statistiques générales
  • Ce quiz a été pris 350 fois
  • Le résultat moyen est 10 sur 15
Statistiques - réponses
Par images Réponse % Correct
Tomate
100%
Turquie
93%
Tulipe
92%
Titanic
90%
Tacos
89%
Tiramisu
88%
Toblerone
86%
Taj Mahal
76%
Thatcher
45%
Tokyo
45%
Toronto
39%
Tortillas
35%
Tortellini
34%
Turquoise
27%
Texas
17%
Aucun quiz correspondant
Distribution des résultats
% des personnes avec chaque résultat
Percentile par nombre de réponses
Votre historique - résultats
Vous n’avez pas pris ce quiz